[Event "Oberliga Ost-A 2122"]
[Site "Germany"]
[Date "2022.05.07"]
[Round "9.7"]
[White "Heyme, Sibylle"]
[Black "Gempe, Thomas"]
[Result "0-1"]
[WhiteElo "2018"]
[BlackElo "2162"]
[PlyCount "76"]
[EventDate "2021.10.10"]
[EventType "team-tourn"]
[EventRounds "11"]
[EventCountry "GER"]
[SourceTitle "EXT 2023"]
[Source "ChessBase"]
[SourceDate "2022.10.05"]
[SourceVersion "1"]
[SourceVersionDate "2022.10.05"]
[SourceQuality "1"]
[WhiteTeam "Hoyerswerda"]
[BlackTeam "Leipzig SG II"]
[WhiteTeamCountry "GER"]
[BlackTeamCountry "GER"]

1. Nf3 d5 2. d4 Nf6 3. g3 e6 4. Bg2 Be7 5. 0-0 0-0 6. c4 dxc4 7. Ne5 Nc6 8. Nxc6 bxc6 9. Bxc6 Rb8 10. Bg2 c5 11. dxc5 Bxc5 12. Nc3 Bb7 13. Qc2 Bxg2 14. Kxg2 Qc7 15. Rb1 Bd4 16. Bd2 Rfd8 17. Rfc1 Rbc8 18. Be1 h5 19. Kg1 a6 20. Ne4 h4 21. Nxf6+ Bxf6 22. Bc3 Qc6 23. Bxf6 h3 24. f3 gxf6 25. Qc3 e5 26. Qe3 Kg7 27. Rc2 Rd4 28. Rbc1 Qd5 29. Kf2 Rd8 30. Rc3 a5 31. R3c2 a4 32. Rc3 Qb5 33. R3c2 Qb4 34. g4 Rd1 35. Rxd1 Rxd1 36. Qc3 Qc5+ 37. Kg3 Qg1+ 38. Kxh3 Rd8 0-1

[Event "Oberliga Ost-A 2122"]
[Site "Germany"]
[Date "2022.05.01"]
[Round "3.7"]
[White "Hoerr, Matthias"]
[Black "Gempe, Thomas"]
[Result "1-0"]
[WhiteElo "2146"]
[BlackElo "2162"]
[PlyCount "59"]
[EventDate "2021.10.10"]
[EventType "team-tourn"]
[EventRounds "11"]
[EventCountry "GER"]
[SourceTitle "EXT 2023"]
[Source "ChessBase"]
[SourceDate "2022.10.05"]
[SourceVersion "1"]
[SourceVersionDate "2022.10.05"]
[SourceQuality "1"]
[WhiteTeam "Plauen Koenig"]
[BlackTeam "Leipzig SG II"]
[WhiteTeamCountry "GER"]
[BlackTeamCountry "GER"]

1. e4 c6 2. d4 d5 3. e5 c5 4. dxc5 e6 5. Nf3 Bxc5 6. a3 Nh6 7. b4 Be7 8. Bd3 Nf5 9. 0-0 h5 10. Nbd2 a5 11. b5 Nd7 12. c4 Nc5 13. Bc2 g6 14. Qe2 d4 15. Bd3 b6 16. Bb2 Bb7 17. Rfd1 Na4 18. Nb3 Nxb2 19. Qxb2 Bxf3 20. gxf3 Nh4 21. Be4 Bc5 22. Qd2 Rc8 23. Kh1 f5 24. Bc6+ Rxc6 25. bxc6 Nxf3 26. Qf4 Nh4 27. Nxd4 g5 28. Nxe6 Qc8 29. Nxg5 Qxc6+ 30. f3 1-0

[Event "Oberliga Ost-A 1920"]
[Site "Germany"]
[Date "2020.01.19"]
[Round "7.4"]
[White "Gempe, Thomas"]
[Black "Niering, Martin"]
[Result "1/2-1/2"]
[WhiteElo "2192"]
[BlackElo "2196"]
[PlyCount "83"]
[EventDate "2019.09.29"]
[EventType "team-tourn"]
[EventRounds "11"]
[EventCountry "GER"]
[SourceTitle "EXT 2021"]
[Source "ChessBase"]
[SourceDate "2020.10.23"]
[SourceVersion "1"]
[SourceVersionDate "2020.10.23"]
[SourceQuality "1"]
[WhiteTeam "Leipzig SG"]
[BlackTeam "Magdeburg Rochade"]
[WhiteTeamCountry "GER"]
[BlackTeamCountry "GER"]

1. e4 d5 2. exd5 Nf6 3. c4 e6 4. dxe6 Bxe6 5. d4 Bb4+ 6. Bd2 Bxd2+ 7. Qxd2 0-0 8. Nc3 a6 9. Bd3 b5 10. cxb5 axb5 11. Bxb5 Bd5 12. f3 c6 13. Bd3 Nbd7 14. Nge2 Qb6 15. 0-0 Rfe8 16. Kh1 Nf8 17. Nf4 g6 18. Nfxd5 cxd5 19. Bb5 Rec8 20. a4 Ne6 21. Rfd1 Kg7 22. Rac1 h5 23. Qe3 Qa5 24. Qe5 Nc7 25. Bc6 Ra6 26. Nb5 Ne6 27. Nd6 Rcxc6 28. Rxc6 Rxc6 29. Ne8+ Kf8 30. Nxf6 Qxa4 31. Re1 Qxd4 32. Qxd4 Nxd4 33. Nxd5 Rc2 34. Rb1 Nb3 35. Ne3 Re2 36. Nc4 Rc2 37. Na3 Re2 38. Kg1 h4 39. h3 Kg7 40. Nc4 Rc2 41. Ne3 Re2 42. Nc4 1/2-1/2

[Event "Oberliga Ost-A 1920"]
[Site "Germany"]
[Date "2019.12.07"]
[Round "4.6"]
[White "Gempe, Thomas"]
[Black "Boehm, Robert"]
[Result "1/2-1/2"]
[WhiteElo "2192"]
[BlackElo "2161"]
[PlyCount "36"]
[EventDate "2019.09.29"]
[EventType "team-tourn"]
[EventRounds "11"]
[EventCountry "GER"]
[SourceTitle "EXT 2021"]
[Source "ChessBase"]
[SourceDate "2020.10.23"]
[SourceVersion "1"]
[SourceVersionDate "2020.10.23"]
[SourceQuality "1"]
[WhiteTeam "Leipzig SG"]
[BlackTeam "Hoyerswerda"]
[WhiteTeamCountry "GER"]
[BlackTeamCountry "GER"]

1. d4 d5 2. c4 c6 3. Nf3 Nf6 4. Nc3 e6 5. Bg5 Nbd7 6. cxd5 exd5 7. Qc2 Be7 8. e3 Nh5 9. Bxe7 Qxe7 10. 0-0-0 Nb6 11. h3 Be6 12. g4 Nf6 13. Bd3 0-0-0 14. Kb1 g6 15. Rc1 Kb8 16. Na4 Ne4 17. Nc5 Nxc5 18. dxc5 Nc4 1/2-1/2

[Event "Oberliga Ost-A 1819"]
[Site "Germany"]
[Date "2019.03.23"]
[Round "8.4"]
[White "Gempe, Thomas"]
[Black "Puls, Thomas"]
[Result "1-0"]
[WhiteElo "2171"]
[BlackElo "2190"]
[PlyCount "59"]
[EventDate "2018.10.21"]
[EventType "team-tourn"]
[EventRounds "11"]
[EventCountry "GER"]
[SourceTitle "EXT 2020"]
[Source "ChessBase"]
[SourceDate "2019.10.17"]
[SourceVersion "1"]
[SourceVersionDate "2019.10.17"]
[SourceQuality "1"]
[WhiteTeam "Leipzig SG II"]
[BlackTeam "Halle USV"]
[WhiteTeamCountry "GER"]
[BlackTeamCountry "GER"]

1. d4 f5 2. Nf3 Nf6 3. Bg5 e6 4. Nbd2 Be7 5. Bxf6 Bxf6 6. e4 0-0 7. Bd3 d6 8. c3 Nc6 9. Qc2 e5 10. dxe5 Nxe5 11. Nxe5 Bxe5 12. exf5 Bf4 13. 0-0-0 Qg5 14. g3 Bxd2+ 15. Rxd2 Kh8 16. f4 Qh5 17. Re1 Qf7 18. Qb3 d5 19. Re5 c6 20. Rde2 h6 21. Qb4 b5 22. Qd6 Qf6 23. Qxf6 Rxf6 24. Re8+ Kh7 25. g4 Rf7 26. g5 hxg5 27. fxg5 Rd7 28. g6+ Kh6 29. Rg2 Bb7 30. Re3 1-0

[Event "Oberliga Ost-A 1819"]
[Site "Germany"]
[Date "2018.12.15"]
[Round "4.4"]
[White "Gempe, Thomas"]
[Black "Wong, Gengchun"]
[Result "1-0"]
[WhiteElo "2171"]
[BlackElo "2194"]
[PlyCount "101"]
[EventDate "2018.10.21"]
[EventType "team-tourn"]
[EventRounds "11"]
[EventCountry "GER"]
[SourceTitle "EXT 2020"]
[Source "ChessBase"]
[SourceDate "2019.10.17"]
[SourceVersion "1"]
[SourceVersionDate "2019.10.17"]
[SourceQuality "1"]
[WhiteTeam "Leipzig SG II"]
[BlackTeam "Dresden USV TU II"]
[WhiteTeamCountry "GER"]
[BlackTeamCountry "GER"]

1. d4 Nf6 2. c4 g6 3. Nc3 d5 4. e3 Bg7 5. Qb3 dxc4 6. Bxc4 0-0 7. Nf3 Nc6 8. Be2 b6 9. 0-0 Be6 10. Qa4 Bd7 11. Rd1 Re8 12. Bb5 Nb8 13. Ne5 Bxb5 14. Qxb5 e6 15. Qe2 Nd5 16. Qf3 Qf6 17. Qg3 Qe7 18. e4 Nxc3 19. bxc3 Nd7 20. Nc4 c5 21. Nd6 Rf8 22. e5 f6 23. f4 Rfd8 24. Ba3 Bf8 25. dxc5 Nxc5 26. Bxc5 bxc5 27. Rab1 fxe5 28. fxe5 Bg7 29. Qe3 Qc7 30. Qe4 Rab8 31. Rxb8 Rxb8 32. Qc4 Qe7 33. Qxc5 Qg5 34. Nc4 Rf8 35. h3 Qh5 36. Qd4 Qf5 37. a4 h5 38. Kh1 Qc2 39. a5 Rf2 40. Ne3 Qa2 41. Qc4 Bxe5 42. Qe4 Bg7 43. Qxg6 Qxa5 44. Qxe6+ Kh8 45. Rd5 Qa1+ 46. Kh2 Bf6 47. Rxh5+ Kg7 48. Qg4+ Kf8 49. Qc8+ Kg7 50. Qh8+ Kf7 51. Rh7+ 1-0

[Event "WchT Seniors 50"]
[Site "Dresden"]
[Date "2018.07.15"]
[Round "9.8"]
[White "Cedervall, Magnus"]
[Black "Gempe, Thomas"]
[Result "1/2-1/2"]
[WhiteElo "1928"]
[BlackElo "2178"]
[PlyCount "33"]
[EventDate "2018.07.07"]
[EventType "team-swiss"]
[EventRounds "9"]
[EventCountry "GER"]
[SourceTitle "CBM 185 Extra"]
[Source "ChessBase"]
[SourceDate "2018.07.29"]
[SourceVersion "1"]
[SourceVersionDate "2018.07.29"]
[SourceQuality "1"]
[WhiteTeam "Sweden South"]
[BlackTeam "Leipzig Schachfreunde"]
[WhiteTeamCountry "SWE"]
[BlackTeamCountry "GER"]

1. e4 g6 2. d4 Bg7 3. Nc3 d6 4. Be3 a6 5. Qd2 Nd7 6. Nge2 b5 7. a3 Bb7 8. f3 Rc8 9. g3 Nb6 10. Nf4 Nf6 11. Be2 0-0 12. h4 Nfd7 13. h5 e5 14. Nfd5 Nxd5 15. exd5 exd4 16. Bxd4 Bxd4 17. Qxd4 1/2-1/2

[Event "WchT Seniors 50"]
[Site "Dresden"]
[Date "2018.07.11"]
[Round "5.2"]
[White "Casper, Thomas"]
[Black "Gempe, Thomas"]
[Result "1-0"]
[WhiteElo "2354"]
[BlackElo "2178"]
[PlyCount "87"]
[EventDate "2018.07.07"]
[EventType "team-swiss"]
[EventRounds "9"]
[EventCountry "GER"]
[SourceTitle "CBM 185 Extra"]
[Source "ChessBase"]
[SourceDate "2018.07.29"]
[SourceVersion "1"]
[SourceVersionDate "2018.07.29"]
[SourceQuality "1"]
[WhiteTeam "Thueringen"]
[BlackTeam "Leipzig Schachfreunde"]
[WhiteTeamCountry "GER"]
[BlackTeamCountry "GER"]

1. Nf3 Nf6 2. g3 d5 3. Bg2 Bf5 4. d3 h6 5. 0-0 e6 6. Nbd2 Be7 7. b3 0-0 8. Bb2 c5 9. Ne5 Nfd7 10. e4 dxe4 11. dxe4 Bh7 12. Nxd7 Nxd7 13. Nc4 Qc7 14. a4 Bf6 15. Bxf6 Nxf6 16. Qd6 Rac8 17. f3 Rfd8 18. Qxc7 Rxc7 19. Rfd1 Rcd7 20. Rxd7 Rxd7 21. Kf2 Ne8 22. Ke2 f6 23. Rd1 Rxd1 24. Kxd1 Kf8 25. f4 b6 26. Kd2 Ke7 27. e5 Kd7 28. c3 Nc7 29. a5 b5 30. Nd6 fxe5 31. fxe5 Bb1 32. Nb7 c4 33. b4 Bg6 34. Ke3 Be8 35. Nd6 Kd8 36. Nxe8 Kxe8 37. Kd4 Kd7 38. Kc5 a6 39. Bc6+ Ke7 40. Kb6 Kd8 41. Kb7 g5 42. g4 Nd5 43. Kxa6 Nxc3 44. Kb7 1-0

[Event "Oberliga Ost-A 1718"]
[Site "Germany"]
[Date "2017.10.22"]
[Round "1.8"]
[White "Hentze, Markus"]
[Black "Gempe, Thomas"]
[Result "1/2-1/2"]
[WhiteElo "2149"]
[BlackElo "2196"]
[PlyCount "96"]
[EventDate "2017.10.22"]
[EventType "team-tourn"]
[EventRounds "11"]
[EventCountry "GER"]
[SourceTitle "EXT 2019"]
[Source "ChessBase"]
[SourceDate "2018.10.10"]
[SourceVersion "1"]
[SourceVersionDate "2018.10.10"]
[SourceQuality "1"]
[WhiteTeam "Leipzig SG II"]
[BlackTeam "Leipzig SG"]
[WhiteTeamCountry "GER"]
[BlackTeamCountry "GER"]

1. e4 e5 2. Nf3 Nc6 3. Bb5 a6 4. Ba4 Nf6 5. 0-0 Nxe4 6. Re1 Nc5 7. Bxc6 dxc6 8. Nxe5 Be7 9. d4 Ne6 10. c3 0-0 11. b3 Bf6 12. Nd2 c5 13. dxc5 Nxc5 14. Ba3 Re8 15. Ndf3 Qxd1 16. Raxd1 Ne6 17. c4 b6 18. Ng4 Bd8 19. Ne3 Bb7 20. Nd5 c6 21. Nf4 Be7 22. Bxe7 Nxf4 23. c5 Ne6 24. Bd6 bxc5 25. Rc1 Nd4 26. Nxd4 cxd4 27. Red1 Rad8 28. Rxd4 Re2 29. a3 Rde8 30. h3 Rd8 31. Bc5 Rxd4 32. Bxd4 Rd2 33. Bc5 f6 34. Re1 Rd7 35. Re8+ Kf7 36. Rb8 Ke6 37. Re8+ Kd5 38. Re7 Rxe7 39. Bxe7 a5 40. Bd8 a4 41. bxa4 Ba6 42. f3 Kc4 43. Kf2 Kd3 44. Bb6 f5 45. f4 Ke4 46. g3 g6 47. h4 Kd3 48. Ba7 Bc4 1/2-1/2

[Event "Oberliga Ost-A 1617"]
[Site "Germany"]
[Date "2017.05.07"]
[Round "11.8"]
[White "Hentzgen, Thomas"]
[Black "Gempe, Thomas"]
[Result "0-1"]
[WhiteElo "2061"]
[BlackElo "2206"]
[PlyCount "80"]
[EventDate "2016.10.16"]
[EventType "team-tourn"]
[EventRounds "11"]
[EventCountry "GER"]
[SourceTitle "EXT 2018"]
[Source "ChessBase"]
[SourceDate "2017.10.13"]
[SourceVersion "1"]
[SourceVersionDate "2017.10.13"]
[SourceQuality "1"]
[WhiteTeam "Halle USV"]
[BlackTeam "Leipzig SG"]
[WhiteTeamCountry "GER"]
[BlackTeamCountry "GER"]

1. c4 g6 2. Nc3 c5 3. g3 Nc6 4. Bg2 Bg7 5. e4 d6 6. d3 e6 7. Be3 Nge7 8. h4 h6 9. Qd2 Rb8 10. Rb1 a6 11. a3 Qa5 12. Nf3 Nd4 13. Nh2 Nec6 14. 0-0 Nb3 15. Qd1 Ncd4 16. Ne2 0-0 17. Nxd4 Nxd4 18. Bd2 Qd8 19. f4 b5 20. b4 Qc7 21. cxb5 axb5 22. Nf3 Qa7 23. Be3 Qxa3 24. Nxd4 Bxd4 25. Bxd4 cxd4 26. Qd2 Bd7 27. Ra1 Qc3 28. Qxc3 dxc3 29. Rfc1 Rfc8 30. Ra6 Ra8 31. Rxd6 Be8 32. Kf1 Ra2 33. e5 Rb2 34. Rd4 Bc6 35. Be4 Bd5 36. Ke1 Rh2 37. Bxd5 exd5 38. Kd1 Ra8 39. Rxd5 Raa2 40. Rxc3 Rh1# 0-1

[Event "GER-chT Betriebe 16th"]
[Site "Dresden"]
[Date "2016.11.05"]
[Round "5.1"]
[White "Gempe, Thomas"]
[Black "Blum, Norbert"]
[Result "1/2-1/2"]
[WhiteElo "2209"]
[BlackElo "1986"]
[PlyCount "65"]
[EventDate "2016.11.03"]
[EventType "team-swiss"]
[EventRounds "7"]
[EventCountry "GER"]
[SourceTitle "EXT 2020"]
[Source "ChessBase"]
[SourceDate "2019.10.17"]
[SourceVersion "1"]
[SourceVersionDate "2019.10.17"]
[SourceQuality "1"]
[WhiteTeam "Muenchen ADAC"]
[BlackTeam "Stuttgart Sparkassen-Vers"]
[WhiteTeamCountry "GER"]
[BlackTeamCountry "GER"]

1. e4 e6 2. d4 d5 3. Nd2 dxe4 4. Nxe4 Nd7 5. Nf3 Ngf6 6. Bd3 Nxe4 7. Bxe4 Nf6 8. Bd3 c5 9. 0-0 cxd4 10. Nxd4 Be7 11. c3 0-0 12. Qe2 Re8 13. Bf4 Bd7 14. Rad1 Qb6 15. Be5 Rad8 16. Rd2 a6 17. Rfd1 Bc8 18. Bb1 Qc5 19. b4 Qa7 20. Rd3 Bd7 21. Rh3 h6 22. Qc2 Bc6 23. Nxc6 bxc6 24. Rxd8 Rxd8 25. Rg3 Rd5 26. Bd4 Qd7 27. Rxg7+ Kf8 28. Rxf7+ Kxf7 29. Qg6+ Kf8 30. Qxh6+ Kf7 31. Bg6+ Kg8 32. Bh7+ Kf7 33. Bg6+ 1/2-1/2

[Event "GER-chT Betriebe 16th"]
[Site "Dresden"]
[Date "2016.11.03"]
[Round "1.1"]
[White "Gempe, Thomas"]
[Black "Lau, Peter"]
[Result "1-0"]
[WhiteElo "2209"]
[BlackElo "1801"]
[PlyCount "49"]
[EventDate "2016.11.03"]
[EventType "team-swiss"]
[EventRounds "7"]
[EventCountry "GER"]
[SourceTitle "EXT 2020"]
[Source "ChessBase"]
[SourceDate "2019.10.17"]
[SourceVersion "1"]
[SourceVersionDate "2019.10.17"]
[SourceQuality "1"]
[WhiteTeam "Muenchen ADAC"]
[BlackTeam "Stuttgart Sparkassen-Vers II"]
[WhiteTeamCountry "GER"]
[BlackTeamCountry "GER"]

1. d4 f5 2. e4 fxe4 3. Nc3 Nf6 4. Bg5 e6 5. Nxe4 Be7 6. Bxf6 Bxf6 7. Nf3 Nc6 8. c3 b6 9. Bd3 Bb7 10. Qe2 Qe7 11. 0-0-0 0-0-0 12. Ba6 Rhe8 13. Rhe1 d5 14. Bxb7+ Kxb7 15. Nc5+ bxc5 16. Qb5+ Kc8 17. Qxc6 cxd4 18. Nxd4 Bxd4 19. Rxd4 Qd6 20. Qa4 Qc5 21. f4 Re7 22. Qa6+ Kd7 23. Re5 Rb8 24. Qd3 Qb5 25. Rexd5+ 1-0

[Event "GER-chT Betriebe 16th"]
[Site "Dresden"]
[Date "2016.11.03"]
[Round "2.1"]
[White "Kleeschaetzky, Rainer"]
[Black "Gempe, Thomas"]
[Result "1/2-1/2"]
[WhiteElo "2321"]
[BlackElo "2209"]
[PlyCount "39"]
[EventDate "2016.11.03"]
[EventType "team-swiss"]
[EventRounds "7"]
[EventCountry "GER"]
[SourceTitle "EXT 2020"]
[Source "ChessBase"]
[SourceDate "2019.10.17"]
[SourceVersion "1"]
[SourceVersionDate "2019.10.17"]
[SourceQuality "1"]
[WhiteTeam "Berlin Deutsche Bahn/BSW"]
[BlackTeam "Muenchen ADAC"]
[WhiteTeamCountry "GER"]
[BlackTeamCountry "GER"]

1. e4 c5 2. c3 Nf6 3. e5 Nd5 4. Nf3 Nc6 5. d4 cxd4 6. cxd4 d6 7. Bc4 Nb6 8. Bb5 dxe5 9. Nxe5 Bd7 10. Nc3 Nxe5 11. dxe5 Bxb5 12. Nxb5 Qxd1+ 13. Kxd1 Nd5 14. Ke2 e6 15. Rd1 Rc8 16. Nxa7 Rc2+ 17. Rd2 Rc5 18. Rd4 Rc2+ 19. Rd2 Rc5 20. Rd4 1/2-1/2

[Event "WchT Seniors 50"]
[Site "Radebeul"]
[Date "2016.07.03"]
[Round "8.9"]
[White "Revuckij, Vladimir"]
[Black "Gempe, Thomas"]
[Result "1/2-1/2"]
[WhiteElo "2401"]
[BlackElo "2206"]
[PlyCount "71"]
[EventDate "2016.06.26"]
[EventType "team-swiss"]
[EventRounds "9"]
[EventCountry "GER"]
[SourceTitle "CBM 173 Extra"]
[Source "ChessBase"]
[SourceDate "2016.08.29"]
[SourceVersion "1"]
[SourceVersionDate "2016.08.29"]
[SourceQuality "1"]
[WhiteTeam "Obuchiw"]
[BlackTeam "Leipzig 50+"]
[WhiteTeamCountry "UKR"]
[BlackTeamCountry "GER"]

1. e4 c5 2. Nf3 d6 3. d4 Nf6 4. Nc3 cxd4 5. Qxd4 a6 6. Bg5 Nc6 7. Qd2 e6 8. 0-0-0 h6 9. Bf4 e5 10. Bg3 Be6 11. Kb1 b5 12. Qe1 Qa5 13. Nd5 Bxd5 14. Qxa5 Nxa5 15. exd5 Be7 16. Nd2 Nh5 17. f3 Nxg3 18. hxg3 Kd7 19. Bd3 g6 20. g4 Bg5 21. b3 Nb7 22. c4 Nc5 23. Kc2 b4 24. Ne4 a5 25. Nxc5+ dxc5 26. g3 Kd6 27. a4 bxa3 28. Ra1 a4 29. Rxa3 axb3+ 30. Rxb3 Ra2+ 31. Rb2 Rxb2+ 32. Kxb2 Ra8 33. Kb3 Be7 34. f4 exf4 35. gxf4 Bf6 36. Rf1 1/2-1/2

[Event "WchT Seniors 50"]
[Site "Radebeul"]
[Date "2016.07.02"]
[Round "7.11"]
[White "Kyas, Juergen"]
[Black "Gempe, Thomas"]
[Result "1/2-1/2"]
[WhiteElo "2190"]
[BlackElo "2206"]
[PlyCount "31"]
[EventDate "2016.06.26"]
[EventType "team-swiss"]
[EventRounds "9"]
[EventCountry "GER"]
[SourceTitle "CBM 173 Extra"]
[Source "ChessBase"]
[SourceDate "2016.08.29"]
[SourceVersion "1"]
[SourceVersionDate "2016.08.29"]
[SourceQuality "1"]
[WhiteTeam "Eiche Reichenbrand"]
[BlackTeam "Leipzig 50+"]
[WhiteTeamCountry "GER"]
[BlackTeamCountry "GER"]

1. e4 c5 2. Nf3 d6 3. d4 cxd4 4. Nxd4 Nf6 5. Nc3 a6 6. Be2 Nbd7 7. 0-0 b5 8. Be3 Bb7 9. f3 g6 10. a4 b4 11. Na2 d5 12. Nxb4 dxe4 13. f4 Bg7 14. c4 0-0 15. Nbc6 Qe8 16. b4 1/2-1/2

[Event "WchT Seniors 50"]
[Site "Radebeul"]
[Date "2016.06.27"]
[Round "2.1"]
[White "Gempe, Thomas"]
[Black "Vaganian, Rafael A"]
[Result "0-1"]
[WhiteElo "2206"]
[BlackElo "2577"]
[PlyCount "102"]
[EventDate "2016.06.26"]
[EventType "team-swiss"]
[EventRounds "9"]
[EventCountry "GER"]
[SourceTitle "CBM 173 Extra"]
[Source "ChessBase"]
[SourceDate "2016.08.29"]
[SourceVersion "1"]
[SourceVersionDate "2016.08.29"]
[SourceQuality "1"]
[WhiteTeam "Leipzig 50+"]
[BlackTeam "Armenia"]
[WhiteTeamCountry "GER"]
[BlackTeamCountry "ARM"]

1. d4 Nf6 2. c4 c5 3. d5 b5 4. cxb5 a6 5. bxa6 g6 6. Nc3 Bg7 7. e4 0-0 8. Nf3 Qa5 9. Bd2 Bxa6 10. a4 Bxf1 11. Kxf1 e6 12. g3 exd5 13. exd5 Qa6+ 14. Kg2 Qb7 15. Qe2 Na6 16. Qb5 Ra7 17. Rhd1 d6 18. Bf4 Rd8 19. Qxb7 Rxb7 20. Nb5 Ne8 21. Nd2 Nac7 22. Nxc7 Nxc7 23. Nc4 Rb4 24. Nxd6 Rd7 25. Rac1 Bd4 26. Nc4 Nxd5 27. Be3 Bxe3 28. fxe3 Rxa4 29. e4 Rxc4 30. Rxd5 Rxc1 31. Rxd7 Rc2+ 32. Kf3 Rxh2 33. Rb7 h5 34. Kf4 Rf2+ 35. Ke3 Rc2 36. Kf4 Kg7 37. e5 Rc4+ 38. Kf3 Kf8 39. Rc7 g5 40. Kg2 Rc2+ 41. Kf3 Rxb2 42. Rxc5 Rb3+ 43. Kf2 Kg7 44. e6 Kf6 45. Rc8 Rb7 46. Ke3 Rb5 47. Re8 Re5+ 48. Kf3 Kg6 49. Kg2 g4 50. Kf2 Kf5 51. e7 Kf6 0-1

[Event "WchT Seniors 50"]
[Site "Radebeul"]
[Date "2016.06.26"]
[Round "1.1"]
[White "Poenisch, Wolfram"]
[Black "Gempe, Thomas"]
[Result "0-1"]
[WhiteElo "1877"]
[BlackElo "2206"]
[PlyCount "60"]
[EventDate "2016.06.26"]
[EventType "team-swiss"]
[EventRounds "9"]
[EventCountry "GER"]
[SourceTitle "CBM 173 Extra"]
[Source "ChessBase"]
[SourceDate "2016.08.29"]
[SourceVersion "1"]
[SourceVersionDate "2016.08.29"]
[SourceQuality "1"]
[WhiteTeam "Coswig 1920"]
[BlackTeam "Leipzig 50+"]
[WhiteTeamCountry "GER"]
[BlackTeamCountry "GER"]

1. d4 Nf6 2. e3 g6 3. c4 Bg7 4. Nc3 0-0 5. Be2 d5 6. cxd5 Nxd5 7. Nxd5 Qxd5 8. Bf3 Qa5+ 9. Bd2 Qb6 10. Qc1 e5 11. dxe5 Nd7 12. Bc3 Nxe5 13. Be2 Bf5 14. Bd4 Nd3+ 15. Bxd3 Bxd4 16. Qc2 Bxb2 17. Rd1 Rad8 18. Nf3 Bxd3 19. Rxd3 Rxd3 20. Qxd3 Qa5+ 21. Ke2 Qxa2 22. Rd1 Bf6+ 23. Rd2 Qa5 24. Rb2 Rd8 25. Qc4 c6 26. g4 Qd5 27. Qxd5 Rxd5 28. h4 h6 29. e4 Rb5 30. Kf1 Rxb2 0-1

[Event "Oberliga Ost-A 1516"]
[Site "Germany"]
[Date "2015.11.15"]
[Round "4.6"]
[White "Braeuer, Felix"]
[Black "Gempe, Thomas"]
[Result "1/2-1/2"]
[WhiteElo "2183"]
[BlackElo "2196"]
[PlyCount "70"]
[EventDate "2015.09.20"]
[EventType "team-tourn"]
[EventRounds "11"]
[EventCountry "GER"]
[SourceTitle "EXT 2017"]
[Source "ChessBase"]
[SourceDate "2016.10.25"]
[SourceVersion "1"]
[SourceVersionDate "2016.10.25"]
[SourceQuality "1"]
[WhiteTeam "Bannewitz"]
[BlackTeam "Leipzig SG II"]
[WhiteTeamCountry "GER"]
[BlackTeamCountry "GER"]

1. e4 c5 2. Nf3 d6 3. d4 cxd4 4. Nxd4 Nf6 5. Nc3 g6 6. Be2 Bg7 7. Be3 0-0 8. f4 Nc6 9. Nb3 Be6 10. g4 Na5 11. g5 Nd7 12. Bd4 Bxd4 13. Qxd4 Nc6 14. Qd2 Rc8 15. h4 Qb6 16. 0-0-0 Nb4 17. Kb1 a5 18. h5 Rxc3 19. Qxc3 Nxa2 20. Kxa2 a4 21. hxg6 axb3+ 22. cxb3 fxg6 23. Bc4 Nc5 24. Qh3 Ra8+ 25. Kb1 Bxc4 26. Qxh7+ Kf8 27. bxc4 Qa6 28. Qh8+ Kf7 29. Qh7+ Kf8 30. Qh6+ Kf7 31. Qh7+ Kf8 32. Qxg6 Qa2+ 33. Kc2 Qxc4+ 34. Kb1 Qa2+ 35. Kc2 Qc4+ 1/2-1/2

[Event "GER-chT Betriebe 15th"]
[Site "Munich"]
[Date "2015.10.24"]
[Round "5.1"]
[White "Belic, Jordanka"]
[Black "Gempe, Thomas"]
[Result "1/2-1/2"]
[WhiteElo "2248"]
[BlackElo "2210"]
[PlyCount "75"]
[EventDate "2015.10.22"]
[EventType "team-swiss"]
[EventRounds "7"]
[EventCountry "GER"]
[SourceTitle "EXT 2020"]
[Source "ChessBase"]
[SourceDate "2019.10.17"]
[SourceVersion "1"]
[SourceVersionDate "2019.10.17"]
[SourceQuality "1"]
[WhiteTeam "Halle/Saale IPM"]
[BlackTeam "Muenchen ADAC"]
[WhiteTeamCountry "GER"]
[BlackTeamCountry "GER"]

1. e4 g6 2. d4 Bg7 3. Nc3 d6 4. Be2 a6 5. a4 b6 6. f4 Bb7 7. Nf3 e6 8. 0-0 Ne7 9. Kh1 Nd7 10. e5 Nf5 11. exd6 cxd6 12. d5 Bxc3 13. dxe6 Bf6 14. exd7+ Qxd7 15. Bd3 0-0 16. Qe2 Bc6 17. Qf2 b5 18. axb5 axb5 19. Rxa8 Rxa8 20. c3 Ra2 21. Bb1 Ra1 22. Bc2 h6 23. Kg1 Bd8 24. Bxf5 Qxf5 25. Nd4 Qd5 26. Nxc6 Qxc6 27. Be3 Rxf1+ 28. Kxf1 Qe4 29. Qe2 Bf6 30. Qd2 d5 31. Kf2 b4 32. Bd4 Bxd4+ 33. Qxd4 Qc2+ 34. Kf3 b3 35. Qxd5 Qxb2 36. Qd8+ Kg7 37. Qd4+ Kg8 38. Qd8+ 1/2-1/2

[Event "GER-chT Betriebe 15th"]
[Site "Munich"]
[Date "2015.10.23"]
[Round "4.1"]
[White "Gempe, Thomas"]
[Black "Schmidt, Konrad"]
[Result "1-0"]
[WhiteElo "2210"]
[BlackElo "1801"]
[PlyCount "137"]
[EventDate "2015.10.22"]
[EventType "team-swiss"]
[EventRounds "7"]
[EventCountry "GER"]
[SourceTitle "EXT 2020"]
[Source "ChessBase"]
[SourceDate "2019.10.17"]
[SourceVersion "1"]
[SourceVersionDate "2019.10.17"]
[SourceQuality "1"]
[WhiteTeam "Muenchen ADAC"]
[BlackTeam "Bonn Deutscher Bundestag"]
[WhiteTeamCountry "GER"]
[BlackTeamCountry "GER"]

1. d4 Nf6 2. c4 g6 3. Nc3 d5 4. e3 Bg7 5. Qb3 e6 6. Qa3 Bf8 7. Qa4+ Bd7 8. Qb3 Bc6 9. Nf3 Nbd7 10. Bd2 Bg7 11. cxd5 Nxd5 12. Bb5 Bxb5 13. Qxb5 N5b6 14. 0-0 0-0 15. Rfd1 c6 16. Qe2 Qe7 17. e4 h6 18. Be3 Rfd8 19. Rac1 e5 20. d5 cxd5 21. Nxd5 Nxd5 22. Rxd5 Nb6 23. Rdc5 Rac8 24. h3 Rxc5 25. Rxc5 Rc8 26. Rxc8+ Nxc8 27. Qc4 Qd7 28. Bd2 Ne7 29. Bc3 Nc6 30. Qb5 a6 31. Qc5 Qe6 32. b3 Nd4 33. Bxd4 exd4 34. e5 d3 35. Qd4 d2 36. Qxd2 Bxe5 37. Qxh6 Bg7 38. Qd2 b5 39. Qd3 Qf6 40. Qe2 Qa1+ 41. Kh2 Qf6 42. g3 Qd6 43. h4 Kf8 44. Ng5 Bh6 45. Ne4 Qe5 46. Qf3 Bg7 47. Nd2 Qb8 48. Qd5 Kg8 49. Ne4 Qc8 50. Ng5 Qe8 51. Qb7 Bf6 52. Qxa6 Bxg5 53. hxg5 Qe2 54. Qa7 Qh5+ 55. Kg2 Qxg5 56. Qa8+ Kg7 57. a4 bxa4 58. bxa4 Qe5 59. a5 g5 60. a6 g4 61. a7 Qa5 62. Qb7 Qh5 63. a8Q Qh3+ 64. Kg1 Kg6 65. Qe4+ Kg7 66. Qa1+ Kg8 67. Qe8+ Kh7 68. Qxf7+ Kh6 69. Qag7# 1-0